Video Game Adaptations of Movies Quiz Stats

 Plays Quiz Updated May 4, 2016

Score 0/28 Timer 08:00
5 Plays Today
% Correct
Toy Story 2: Buzz Lightyear to the Rescue (Toy Story 2)
99.6%
Batman Begins (Batman Begins)
99.2%
Star Wars: Battlefront (The Empire Strikes Back)
97.7%
Kung Fu Panda (Kung Fu Panda)
96.4%
Ice Age (Ice Age)
96.2%
Spider-Man (Spider-Man)
95.9%
Shrek (Shrek)
95.6%
Superman Returns (Superman Returns)
95.2%
Ghostbusters: The Video Game (Ghostbusters)
94.3%
Cars (Cars)
93.5%
Disney's Hercules (Hercules)
93.4%
Lego Harry Potter: Years 5-7 (Harry Potter)
92.3%
The Matrix: Path of Neo (The Matrix)
91.2%
Peter Jackson's King Kong (King Kong)
89.9%
% Correct
Iron Man (Iron Man)
89.9%
Quantum of Solace (Quantum of Solace)
89.5%
X-Men Origins: Wolverine (X-Men)
84%
The SpongeBob SquarePants Movie: The Game (The SpongeBob Movie)
82.2%
Jaws Unleashed (Jaws)
80.5%
James Cameron's Avatar: The Game (Avatar)
77.5%
Indiana Jones and the Emperor's Tomb (Indiana Jones)
76.2%
E.T. the Extra-Terrestrial (E.T. the Extra-Terrestrial)
68.9%
The Lord of the Rings: Conquest (The Lord of the Rings)
65.6%
Hellboy: Asylum Seeker (Hellboy)
61.8%
Scarface: The World is Yours (Scarface)
52.7%
Star Trek (Star Trek)
48.2%
Disney's Extreme Skate Adventure (Tarzan)
44.7%
Saw (Saw)
44.3%

You're not logged in!

Compare scores with friends on all Sporcle quizzes.
OR
Log In

You Might Also Like...

Show Comments

Extras

Top Quizzes Today


Score Distribution

Your Account Isn't Verified!

In order to create a playlist on Sporcle, you need to verify the email address you used during registration. Go to your Sporcle Settings to finish the process.

Report this User

Report this user for behavior that violates our Community Guidelines.

Details: